Spiders / (Record no. 1352)

MARC details
000 -LEADER
fixed length control field 01149cam a22003257a 4500
005 - DATE AND TIME OF LATEST TRANSACTION
control field 20230821090042.0
020 ## - INTERNATIONAL STANDARD BOOK NUMBER
International Standard Book Number 9781426308529
020 ## - INTERNATIONAL STANDARD BOOK NUMBER
International Standard Book Number 9781426308512
020 ## - INTERNATIONAL STANDARD BOOK NUMBER
International Standard Book Number 1426308515
020 ## - INTERNATIONAL STANDARD BOOK NUMBER
International Standard Book Number 1426308523
040 ## - CATALOGING SOURCE
Original cataloging agency BTCTA
Language of cataloging eng
Transcribing agency BTCTA
Modifying agency OCO
-- HBP
-- KCP
-- UKMGB
-- JRN
-- DLC
050 00 - LIBRARY OF CONGRESS CALL NUMBER
Classification number QL458.4
Item number .M355 2011
082 00 - DEWEY DECIMAL CLASSIFICATION NUMBER
Classification number 595.4/4
Edition number 23
100 1# - MAIN ENTRY--PERSONAL NAME
Personal name Marsh, Laura F.
245 10 - TITLE STATEMENT
Title Spiders /
Statement of responsibility, etc. Laura Marsh.
260 ## - PUBLICATION, DISTRIBUTION, ETC.
Place of publication, distribution, etc. Washington, DC :
Name of publisher, distributor, etc. National Geographic,
Date of publication, distribution, etc. 2011
300 ## - PHYSICAL DESCRIPTION
Extent 32 pages ;
Other physical details color illustrations ;
Dimensions 24 cm
490 1# - SERIES STATEMENT
Series statement National Geographic readers. Level 1
490 1# - SERIES STATEMENT
Series statement National Geographic kids
505 0# - FORMATTED CONTENTS NOTE
Formatted contents note H
505 0# - FORMATTED CONTENTS NOTE
Formatted contents note It's a spider! -- Spiders, spiders everywhere! -- A spider's body -- Spider food -- Senses -- Web builders -- Spinning silk -- Super spiders! -- Baby spiders -- Helpful spiders -- What in the world?
520 ## - SUMMARY, ETC.
Summary, etc. An introduction to spiders.
521 ## - TARGET AUDIENCE NOTE
Target audience note 500 <br/>
Source Lexile
521 ## - TARGET AUDIENCE NOTE
Target audience note H <br/>
Source Raz-Plus
650 #0 - SUBJECT ADDED ENTRY--TOPICAL TERM
Topical term or geographic name entry element Spiders
Form subdivision Juvenile literature.
906 ## - LOCAL DATA ELEMENT F, LDF (RLIN)
a 7
b cbc
c copycat
d 2
e ncip
f 20
g y-gencatlg
942 ## - ADDED ENTRY ELEMENTS (KOHA)
Source of classification or shelving scheme Dewey Decimal Classification
Koha item type Books
Suppress in OPAC No
999 ## -
-- 1352
-- 1352
Holdings
Withdrawn status Lost status Source of classification or shelving scheme Damaged status Not for loan Collection Home library Current library Shelving location Date acquired Total Checkouts Full call number Barcode Date last seen Date last checked out Price effective from Koha item type
    Dewey Decimal Classification     Non-Fiction Footprints International School Library Network Toul Kork Campus Footprints International School Library Network Toul Kork Campus TK Primary Library Room(4th Floor), Bookcase 1&2, Shelves 1-16, Dark Blue Books 08/21/2023 4 MAR 595.4 QL458.M355 FISTK01159 02/27/2025 08/08/2024 08/21/2023 Books